000
00251nam a22001097a 4500
082
_a
621.381512 RIS'K
100
_a
RISSE, JOUSEPH A
_9
56087
245
_a
KONW YOUR VOM-VTVM
260
_a
NEWYORK
_b
HOWRAD W. SAMS
_c
1963
300
_a
144P
942
_c
BK
999
_c
566611
_d
566611